Pays les plus proches de Saint-Marin - Statistiques

Statistiques générales
  • Ce quiz a été pris 203 fois
  • Le résultat moyen est 18 sur 20
Statistiques - réponses
km pays % Correct
259 France
100%
0 Italie
100%
310 Suisse
99%
291 Autriche
96%
141 Croatie
96%
221 Vatican
96%
388 Allemagne
94%
186 Slovénie
94%
421 Hongrie
91%
524 Serbie
91%
571 Slovaquie
91%
409 Liechtenstein
90%
526 Tchèquie
90%
587 Albanie
89%
457 Monaco
89%
495 Monténégro
88%
271 Bosnie-Herzégovine
85%
622 Kosovo
85%
695 Macédoine du Nord
80%
653 Roumanie
72%
Aucun quiz correspondant
Distribution des résultats
% des personnes avec chaque résultat
Percentile par nombre de réponses
Votre historique - résultats
Vous n’avez pas pris ce quiz